Paroles : Croire - Djadja et Dinaz - Statistiques

Statistiques générales
  • Ce quiz a été pris 499 fois
  • Le résultat moyen est 246 sur 366
Statistiques - réponses
% Correct
a
97%
à
97%
Elle
97%
pas
95%
de
91%
m'a
91%
croire
89%
Je
89%
En
88%
plus
88%
c'est
87%
C'est
87%
que
87%
te
86%
Tu
86%
tu
86%
ça
85%
dit
85%
envie
85%
on
85%
hier
84%
passe
84%
soir
84%
vu
84%
bon
83%
peté
83%
la
80%
le
80%
dirait
79%
perdu
79%
dis
78%
Dis
78%
fout
78%
ai
77%
t'es
77%
besoin
76%
du
76%
m'aimes
76%
ta
76%
continues
75%
Et
75%
et
75%
les
75%
foutu
74%
toi
74%
d'me
73%
j'ai
73%
dans
72%
temps
72%
J'lui
70%
qu'j'étais
70%
qu'tu
70%
t'inquiète
70%
belle
69%
qui
69%
s'en
68%
j'etais
67%
cent
66%
des
66%
coin
65%
partir
65%
homme
64%
loin
64%
sais
64%
d'toi
63%
d'un
63%
J'fais
63%
vérité
63%
vrai
63%
au
61%
discrète
61%
Rappelle
61%
tient
61%
chercher
60%
nuit
60%
bague
59%
dérapages
59%
fait
59%
j'suis
59%
J'te
59%
j'te
59%
Pour
59%
sans
59%
demande
58%
doigt
58%
Mais
58%
mais
58%
montais
58%
Rien
58%
voulait
58%
Féfé
57%
j'attends
56%
prêt
56%
qu'le
56%
j'venais
55%
mi-per
55%
fête
54%
juste
54%
j'faisais
53%
d'attendre
52%
face
52%
quand
52%
fais
50%
J'veux
50%
j'veux
50%
l'bat
50%
qu'j'fais
50%
devant
48%
rafales
47%
Crois
44%
crois
44%
même
44%
mes
44%
tête
44%
rênes
43%
veux
43%
faire
42%
fini
42%
lu
42%
moi
42%
bras
41%
fatigue
41%
vas
41%
cadeaux
40%
l'infini
40%
paix
40%
prends
40%
sent
40%
qu'tas
39%
Tout
38%
meuf
37%
Arrête
35%
arrête
35%
parfaite
35%
qu'j'te
35%
viens
35%
gâté
33%
qu'c'est
33%
qu't'es
33%
tchope
31%
vas-y
31%
Vas-y
31%
m'suivre
30%
jusqu'au
29%
Est-ce
28%
Faudra
26%
quai
26%
rappeler
25%
Orfevres
20%
m'mettre
18%
Aucun quiz correspondant
Distribution des résultats
% des personnes avec chaque résultat
Percentile par nombre de réponses
Votre historique - résultats
Vous n’avez pas pris ce quiz